Online Catalogue and eLibrary

Kiran Bedi ;man baya nee : (Record no. 5282)

MARC details
000 -LEADER
fixed length control field 00489nam a2200157Ia 4500
005 - DATE AND TIME OF LATEST TRANSACTION
control field 20250321050104.0
008 - FIXED-LENGTH DATA ELEMENTS--GENERAL INFORMATION
fixed length control field 240331s9999 xx 000 0 und d
020 ## - INTERNATIONAL STANDARD BOOK NUMBER
ISBN 9555703256
082 ## - DDC Classification
Item Number - Author Mark WIJ
Class No. 920
100 ## - MAIN ENTRY--PERSONAL NAME
Personal name Wijesinghe,W.S
245 #0 - TITLE STATEMENT
Title Kiran Bedi ;man baya nee :
Remainder of title a dare
260 ## - PUBLICATION, DISTRIBUTION, ETC.
Place of publication, distribution, etc. Colombo
Name of publisher, distributor, etc. Samaiyawarana bookshop
Date of publication, distribution, etc. 2004
300 ## - PHYSICAL DESCRIPTION
Extent (e.g. Volumes, Pages etc.) 413 p .,
500 ## - GENERAL NOTE
General note A book about Kiren bidi. a first women in India to join the leadership ranks of the Indian police service
942 ## - Koha item type (Biblio)
Koha item type Books in Stacks (Lending)
Holdings
Lost status Damaged status Collection code Home library Current library Shelving location Date acquired Full call number Accession Number Item type
    Lending WERC Library WERC Library Social Science Cupboard 03/31/2024 920 WIJ 6068 Books in Stacks (Lending)

© WERC Library